01386nas a2200361 4500001001300000003000900013005001700022007000300039008003400042040005400076041000900130072001300139100002000152100002300172100001700195100001600212100002200228245017100250246013800421650001000559650001000569650001200579650001600591650002000607650002000627650002000647650001100667773011400678909004000792942001800832999001900850952015500869BR2012004892BR-BrBNA20231205120812.0ta230509b bl.|||p| |||| 00| 00por d aBR-BrBNAbporcBiblioteca Nacional de Agricultura a(Pt) aL51; L021 aRodrigues, P.B.1 aFreitas, R.T.F. de1 aFialho, E.T.1 aSilva, H.O.1 aGonçalves, T.M.1 aDigestibilidade dos nutrientes e desempenho de suínos em crescimento e terminação alimentados com rações à base de milho e sorgo suplementadas com enzimas1 aDigestibility of nutrients and performance of growing and finishing pigs fed diets based on corn or sorghum supplemented with enzymes aMILHO aSORGO aSUÍNO aCRESCIMENTO aALIMENTO ANIMAL aDIGESTIBILIDADE aVALOR NUTRITIVO aENZIMA0 tRevista Brasileira de Milho e Sorgo (Brazil)xISSN 1676-689Xg(May-Aug 2002), v. 1(2) p. 91-100wBR2012004892 a202311bLúciac55dLúcia Elande 2AGRISn0cANA c220387d220387 002AGRIS4071a41918b41918cPeriódicos Agrícolash(May-Aug 2002), v. 1(2) p. 91-100l0r2023-11-29t01yCRePortaria Interministerial nº 164/94